A nemzeti szocializmus pedagógiai rendszere

Elmentve itt :
Bibliográfiai részletek
Szerző: Lukács György
Dokumentumtípus: Cikk
Megjelent: 1938
Sorozat:Magyar pedagógia : a Magyar Tudományos Akadémia Pedagógiai Bizottságának folyóirata 47
Kulcsszavak:Nemzeti szocializmus Németország 1938, Nemzeti szocializmus
Online Access:http://misc.bibl.u-szeged.hu/11097
LEADER 00700nab a2200181 i 4500
001 misc11097
005 20191106142051.0
008 170607s1938 hu o 0|| hun d
022 |a 0025-0260 
040 |a SZTE Miscellanea Repozitórium  |b hun 
041 |a hun 
100 1 |a Lukács György 
245 1 2 |a A nemzeti szocializmus pedagógiai rendszere  |h [elektronikus dokumentum] /  |c  Lukács György 
260 |c 1938 
300 |a 65-73 
490 0 |a Magyar pedagógia : a Magyar Tudományos Akadémia Pedagógiai Bizottságának folyóirata  |v 47 
695 |a Nemzeti szocializmus Németország 1938, Nemzeti szocializmus 
856 4 0 |u http://misc.bibl.u-szeged.hu/11097/1/mp_1938_3706_065-073.pdf  |z Dokumentum-elérés